Giudici di "Masterchef" - Statistics

Statistiche generali
  • Questo quiz è stato fatto 150 volte
  • Il punteggio medio è 5 su 6
Statistiche sulle risposte
con Immagini Risposta % Corretto
Bruno Barbieri
99%
Carlo Cracco
98%
Antonino Cannavacciuolo
93%
Giorgio Locatelli
92%
Joe Bastianich
92%
Antonia Klugmann
60%
Nessun quiz corrispondente trovato
Distribuzione punteggi
Percentuale di utenti per punteggio
Percentile per numero di risposta
I tuoi punteggi nel tempo
Non hai fatto questo quiz